| 000 | 00351 a2200145 4500 | ||
|---|---|---|---|
| 001 | 166223 | ||
| 020 | _a | ||
| 040 | _cMagnum | ||
| 100 | _aConholato, Maria Conceicao Et Al. | ||
| 240 | 1 | 0 |
_aIdeias: sistemas de avaliacao educacional _lpor |
| 245 | 1 | 0 | _aIdeias: sistemas de avaliacao educacional |
| 362 | 0 | _a1899 | |
| 697 | _aENSINO | ||
| 942 | _cBK | ||
| 999 |
_c166223 _d166223 |
||